000 00240 a2200109 4500
001 76300
082 _a531 TIR
090 _c39135
_d39135
100 _aSMA Tirmizi
245 _aMechanics
_hEnglish
260 _aLahore
_bSh. Ghulam Ali & Sons
942 _aCAE NUST
_k531 TIR
999 _c311373
_d311373